000 00458cam a2200193ua 4500
020 _c22.50
041 _aeng
_h
082 _a530.412
_bLAL/PR
100 _aBrij Lal, .
245 _aProperties of matter /
_cBrij Lal.
_hTextual Documents
250 _a3 /
_b.
260 _aNew Delhi :
_bS.Chand and Co ,
_c1983.
300 _a442 ; .
365 _a22.50
504 _a
700 1 _aSubramanyam, N .
942 _cBK
999 _c7514
_d7514